000 00502nam a22001697a 4500
008 220922b |||||||| |||| 00| 0 eng d
020 _a0801043948
050 _aBV2063
_b.H46 1994 C.1
100 _aHiebert, Paul G.
245 _aAnthropological on missiological issues/
_cPaul G. Hiebert
260 _aGrands, Michigan
_bBaker Books
_c1994
300 _a272p.
650 _aMissions
_vTheory
650 _aMissions
_vAnthropological aspects
650 _aChristianity and culture
942 _2lcc
_cBK
999 _c19525
_d19524